Dvojkanálový vzorkovací osciloskop s prevodníkom AD9288 = Sampling oscilloscope with two channel A/D converter AD9288

Salvato in:
Dettagli Bibliografici
Autore principale: Ďalak, Peter (Autore)
Altri autori: Brezovič, Zdenko, 1973- (Relatore della tesi)
Natura: Manoscritto Libro
Lingua:slovacco
Pubblicazione: Bratislava : STU v Bratislave FEI, 2006
Soggetti:
Tags: Aggiungi Tag
Nessun Tag, puoi essere il primo ad aggiungerne!!

MARC

LEADER 00000ntm a22000003a 4500
001 stu122354
005 20160719165015.6
008 060629s2006------------------------slo-d
040 |a STU  |b slo 
041 0 |a slo 
100 1 |a Ďalak, Peter  |4 aut 
245 1 |a Dvojkanálový vzorkovací osciloskop s prevodníkom AD9288 = Sampling oscilloscope with two channel A/D converter AD9288 
260 |a Bratislava :  |b STU v Bratislave FEI,  |c 2006 
300 |a 77 s 
650 7 |a elektronika  |2 stusub 
700 1 |a Brezovič, Zdenko,  |d 1973-  |4 ths  |u E030  |U FEI Fakulta elektrotechniky a informatiky  |T FEI Ústav elektroniky a fotoniky  |X 1853  |U E030  |Y 549  |7 A000001853